Die johanneischen Abschiedsreden Jesu: eine Auslegung von Joh 13 - 17 unter besonderer Berücksichtigung der Textstruktur

Saved in:  
Bibliographic Details
Main Author: Burkhalter, Stefan (Author)
Format: Print Book
Language:German
Subito Delivery Service: Order now.
Check availability: HBZ Gateway
WorldCat: WorldCat
Interlibrary Loan:Interlibrary Loan for the Fachinformationsdienste (Specialized Information Services in Germany)
Published: Stuttgart Kohlhammer 2014
In: Judentum und Christentum (20)
Year: 2014
Reviews:Die johanneischen Abschiedsreden Jesu. Eine Auslegung von Joh 13–17 unter besonderer Berücksichtigung der Textstruktur (2014) (Beutler, Johannes, 1933 - 2024)
Series/Journal:Judentum und Christentum 20
Standardized Subjects / Keyword chains:B Abschiedsreden Jesu / John
RelBib Classification:HC New Testament
Further subjects:B Reception aesthetics
B Farewell
B Synchronousness
B Bible. John Criticism, interpretation, etc
B John
B Jesus Christus
B Thesis
B Bible. Johannesevangelium 13-17
B Narrative theory
B Disciple
B Rhetoric
B Mission (international law
B Structural analysis
Online Access: Inhaltstext (Publisher)
Table of Contents

MARC

LEADER 00000cam a2200000 c 4500
001 746084765
003 DE-627
005 20251224183253.0
007 tu
008 130515s2014 gw ||||| m 00| ||ger c
010 |a  2013482402 
015 |a 13,A48  |2 dnb 
016 7 |a 1034215574  |2 DE-101 
020 |a 3170232630  |c  : kart.  |9 3-17-023263-0 
020 |a 9783170232631  |c Pappe. : ca. EUR 39.00 (DE), ca. EUR 40.10 (AT), ca. sfr 51.90 (freier Pr.)  |9 978-3-17-023263-1 
024 3 |a 9783170232631 
035 |a (DE-627)746084765 
035 |a (DE-576)398039550 
035 |a (DE-599)DNB1034215574 
035 |a (OCoLC)863951718 
035 |a (OCoLC)864551104 
040 |a DE-627  |b ger  |c DE-627  |e rakwb 
041 |a ger 
044 |c XA-DE-BW 
050 0 |a BS2615.52 
072 7 |a Neues Testament: Exegese, Geschichte  |2 bicssc 
082 0 |a 226.506  |2 22/ger 
082 0 4 |a 220  |q DNB 
082 0 4 |a 200 
084 |a 1  |2 ssgn 
084 |a BC 7250  |2 rvk  |0 (DE-625)rvk/9625: 
084 |a 11.47  |2 bkl 
084 |a 11.46  |2 bkl 
100 1 |0 (DE-588)1044030321  |0 (DE-627)771287704  |0 (DE-576)396643728  |4 aut  |a Burkhalter, Stefan 
109 |a Burkhalter, Stefan 
245 1 4 |a Die johanneischen Abschiedsreden Jesu  |b eine Auslegung von Joh 13 - 17 unter besonderer Berücksichtigung der Textstruktur  |c Stefan Burkhalter 
264 1 |a Stuttgart  |b Kohlhammer  |c 2014 
300 |a 368 S.  |b Ill. 
336 |a Text  |b txt  |2 rdacontent 
337 |a ohne Hilfsmittel zu benutzen  |b n  |2 rdamedia 
338 |a Band  |b nc  |2 rdacarrier 
490 1 |a Judentum und Christentum  |v 20 
500 |a Literaturverz. S. 343 - 355 
502 |a Zugl.: Basel, Univ., Diss., 2010 
583 1 |a Archivierung/Langzeitarchivierung gewährleistet  |f PEBW  |x XA-DE-BW  |2 pdager  |5 DE-24 
583 1 |a Archivierung prüfen  |c 20251012  |f DE-4165  |z 1  |2 pdager 
600 0 7 |0 (DE-588)118557513  |0 (DE-627)079354688  |0 (DE-576)208978216  |a Jesus Christus  |2 gnd 
601 |a Berücksichtigung 
601 |a Textstruktur 
630 2 0 |a Bible  |p John  |x Criticism, interpretation, etc 
630 0 7 |0 (DE-588)4353290-1  |0 (DE-627)181247224  |0 (DE-576)211548464  |a Bibel  |p Johannesevangelium  |n 13-17  |2 gnd 
630 0 7 |0 (DE-588)4353290-1  |0 (DE-627)181247224  |0 (DE-576)211548464  |a Bibel  |p Johannesevangelium  |n 13-17  |2 gnd 
630 0 7 |0 (DE-588)4028700-2  |0 (DE-627)106277561  |0 (DE-576)208978895  |a Bibel  |p Johannesevangelium  |2 gnd 
650 0 7 |0 (DE-588)4215139-9  |0 (DE-627)105059471  |0 (DE-576)210224096  |a Abschied  |2 gnd 
650 0 7 |0 (DE-588)4183787-3  |0 (DE-627)104387688  |0 (DE-576)210021152  |a Strukturanalyse  |2 gnd 
650 0 7 |0 (DE-588)4253895-6  |0 (DE-627)104710799  |0 (DE-576)210534818  |a Synchronie  |2 gnd 
650 0 7 |0 (DE-588)4076704-8  |0 (DE-627)104598395  |0 (DE-576)20920267X  |a Rhetorik  |2 gnd 
650 0 7 |0 (DE-588)4152975-3  |0 (DE-627)105534315  |0 (DE-576)209799781  |a Erzähltheorie  |2 gnd 
650 0 7 |0 (DE-588)4129895-0  |0 (DE-627)104340037  |0 (DE-576)20961434X  |a Rezeptionsästhetik  |2 gnd 
650 0 7 |0 (DE-588)4194940-7  |0 (DE-627)105215597  |0 (DE-576)210097779  |a Jünger  |2 gnd 
650 0 7 |0 (DE-588)4039567-4  |0 (DE-627)106227602  |0 (DE-576)20903551X  |a Mission  |2 gnd 
652 |a HC 
655 7 |a Hochschulschrift  |0 (DE-588)4113937-9  |0 (DE-627)105825778  |0 (DE-576)209480580  |2 gnd-content 
689 0 0 |d u  |0 (DE-588)1059654334  |0 (DE-627)798726822  |0 (DE-576)415744423  |a Abschiedsreden Jesu  |2 gnd 
689 0 1 |d u  |0 (DE-588)4028700-2  |0 (DE-627)106277561  |0 (DE-576)208978895  |a Bibel  |2 gnd  |p Johannesevangelium 
689 0 |5 DE-101 
751 |a Basel  |0 (DE-588)4004617-5  |0 (DE-627)10638497X  |0 (DE-576)208856919  |4 uvp 
787 0 8 |i Rezensiert in  |a Beutler, Johannes, 1933 - 2024  |t Die johanneischen Abschiedsreden Jesu. Eine Auslegung von Joh 13–17 unter besonderer Berücksichtigung der Textstruktur  |d 2014  |w (DE-627)1797984543 
830 0 |a Judentum und Christentum  |v 20  |9 20  |w (DE-627)320632482  |w (DE-576)084751991  |w (DE-600)2024094-6  |7 am 
856 4 2 |u http://d-nb.info/1034215574/04  |m B:DE-101  |q application/pdf  |v 2013-12-18  |x Verlag  |3 Inhaltsverzeichnis  |7 1 
856 4 2 |u http://deposit.dnb.de/cgi-bin/dokserv?id=4313352&prov=M&dok_var=1&dok_ext=htm  |m X: MVB  |q text/html  |v 2013-12-18  |x Verlag  |3 Inhaltstext  |7 1 
935 |a BIIN 
935 |i Blocktest 
936 r v |a BC 7250  |b Johannes-Evangelium  |k Theologie und Religionswissenschaften  |k Bibelwissenschaft  |k Biblische Theologie  |k Abhandlungen zum NT  |k Abhandlungen zu den Evangelien und zur Apostelgeschichte  |k Johannes-Evangelium  |0 (DE-627)127065344X  |0 (DE-625)rvk/9625:  |0 (DE-576)20065344X 
936 b k |a 11.47  |j Theologie des Neuen Testaments  |0 (DE-627)106419846 
936 b k |a 11.46  |j Exegese  |j Hermeneutik  |x Neues Testament  |0 (DE-627)106417975 
951 |a BO 
BIB |a 1 
BIR |a 03022021_03022038,04000000_04999999,04013000_04017999,04013012_04017026  |b biblesearch 
ELC |b 1 
ITA |a 1 
LOK |0 000 xxxxxcx a22 zn 4500 
LOK |0 001 3119352179 
LOK |0 003 DE-627 
LOK |0 004 746084765 
LOK |0 005 20140307113044 
LOK |0 008 140307||||||||||||||||ger||||||| 
LOK |0 040   |a DE-21-31  |c DE-627  |d DE-21-31 
LOK |0 541   |e 03/454 
LOK |0 852   |a DE-21-31 
LOK |0 852 1  |c Dh V 339  |m p  |9 00 
LOK |0 938   |a 1403  |f E4 
LOK |0 938   |k p 
LOK |0 939   |a 07-03-14  |b l01 
LOK |0 000 xxxxxcx a22 zn 4500 
LOK |0 001 3119352810 
LOK |0 003 DE-627 
LOK |0 004 746084765 
LOK |0 005 20190205120205 
LOK |0 008 180307||||||||||||||||ger||||||| 
LOK |0 040   |a DE-Tue135  |c DE-627  |d DE-Tue135 
LOK |0 092   |o n 
LOK |0 852   |a DE-Tue135 
LOK |0 852 1  |9 00 
LOK |0 939   |a 07-03-18  |b l01 
LOK |0 000 xxxxxcx a22 zn 4500 
LOK |0 001 3119352837 
LOK |0 003 DE-627 
LOK |0 004 746084765 
LOK |0 005 20190312002619 
LOK |0 008 190311||||||||||||||||ger||||||| 
LOK |0 035   |a (DE-Tue135-1)227997 
LOK |0 040   |a DE-Tue135-1  |c DE-627  |d DE-Tue135-1 
LOK |0 852   |a DE-Tue135-1 
LOK |0 852 1  |c FTHNT069656  |m p  |9 00 
LOK |0 852 2  |b S 34  |9 00 
LOK |0 935   |a iMON 
LOK |0 936ln  |0 1442044136  |a HC 
LOK |0 938   |k p 
LOK |0 939   |a 11-03-19  |b l12 
ORI |a SA-MARC-ixtheoa001.raw 
REL |a 1 
STA 0 0 |a Disciple,Disciple,Farewell,Farewell,Mission (international law,Mission,Mission,Christianity,World mission,Narrative theory,Narratology,Narration (Rhetoric),Reception aesthetics,Work of art,Artwork,Reader response criticism,Rhetoric,Structural analysis,Structure analysis,Synchronousness 
STB 0 0 |a Adieux,Adieux,Analyse structurelle,Disciple,Disciple,Esthétique de la réception,Mission,Mission,Mission,Narratologie,Narration,Rhétorique,Synchronie 
STC 0 0 |a Análisis de la estructura,Despedida,Despedida,Discípulo,Discípulo,Estética de la recepción,Misión,Misión,Misión,Narratología,Retórica,Sincronía 
STD 0 0 |a Addio,Addio,Analisi della struttura,Discepolo,Discepolo,Estetica della ricezione,Missione,Missione,Missione,Narratologia,Retorica,Sincronia 
STE 0 0 |a 修辞学,修辞法,共时性,同步性,叙事理论,叙事学,告别,告别,辞行,辞行,宣教,宣教,传教,宣教使命,传教,宣教使命,接受美学,接受理论,结构分析,门徒,信徒,弟子 
STF 0 0 |a 修辭學,修辭法,共時性,同步性,告別,告別,辭行,辭行,宣教,宣教,傳教,宣教使命,傳教,宣教使命,接受美學,接受理論,敍事理論,敍事學,結構分析,門徒,信徒,弟子 
STG 0 0 |a Análise da estrutura,Despedida,Despedida,Discípulo,Discípulo,Estética da recepção,Missão,Missão,Missão,Narratologia,Retórica,Sincronia 
STH 0 0 |a Апостол (мотив),Апостол,Миссия (международное право),Миссия (мотив),Миссия,Прощание,Прощание,Проводы,Проводы (мотив),Риторика,Синхрония,Структурный анализ,Теория рассказа,Эстетика восприятия 
STI 0 0 |a Αισθητική αποδοχής,Αποστολή (Διεθνές δίκαιο),Ιεραποστολή (μοτίβο),Ιεραποστολή,Αποχαιρετισμός (μοτίβο),Αποχαιρετισμός,Αφηγηματολογία,Δομική ανάλυση,Ανάλυση δομής,Μαθητής του Ιησού (μοτίβο),Μαθητής του Ιησού,Ρητορική,Συγχρονία 
SUB |a BIB  |a REL 
SYA 0 0 |a Yeshuʿa,Yeshua,Iesus Nazarenus Rex Iudaeorum,Iesu Keriso,Jẽzaus Kristaus,Jésus-Christ,Iēsus,ho Nazōraios,Gesù Cristo,Ješūʿa,Isus Hristos,Jisous Khristos,Jesú Krist,Iĩsa Chrtá,Jezus Chrystus,Jezus,Jeschua,Jesus,of Nazareth,Iesu Kristo,Chesus Christ,Jhesus Christus,Jésus,le Christ,Jesus,Nazarenus,Jésus,de Nazareth,Jesucristo,Jesus Christ,Jesuo Kristo,Jesusse Kristusse,Jesuse Kristuse,Jesuksen Kristuksen,Jesu Kristo,Jesus Kristus,Yasūʿ,Yeshu,Hisows K'ristos,Ieso K'riste,Iēsus Christos,Iisus Christos,ʿĪsā Ibn-Maryam,Christus,Jesus,von Nazareth,Jesus,von Nazaret,Cristo,Jesus,Ye su,Yesu,Ye, Su , Ješiša Krista,Gesù 
SYD 0 0 |a Johannesevangelium,Joh,John,Jn,Gv,Io,Johannesevangelium,J,Gospel of Saint John,Gospel of John,Evangelium secundum Johannem,Evangile de Jean,Vangelo secondo Giovanni,Il Vangelo secondo San Giovanni,Johannes-Evangelium,Das Evangelium Johannes,Svetoto evangelie ot Ioanna,Ka euanelio,Ka euanelio a Ioane,Evangelium nach Johannes,Inǧīl Yūḥanā,Evangelieto ot Joan 
SYE 0 0 |a Verabschiedung,Abschiedsfeier , Struktur , Beredsamkeit,Redekunst,Redetechnik , Narratologie , Rezeptionstheorie,Wirkungsästhetik,Kunstwerk , Diplomatische Mission,Christentum,Christliche Mission,Heidenmission,Weltmission,Missionierung 
SYG 0 0 |a Abschiedsrede Jesu,Bibel,Lukasevangelium,22,21-38,Bibel,Johannesevangelium,13,12-17,26 , Johannesevangelium,Joh,John,Jn,Gv,Io,Johannesevangelium,J,Gospel of Saint John,Gospel of John,Evangelium secundum Johannem,Evangile de Jean,Vangelo secondo Giovanni,Il Vangelo secondo San Giovanni,Johannes-Evangelium,Das Evangelium Johannes,Svetoto evangelie ot Ioanna,Ka euanelio,Ka euanelio a Ioane,Evangelium nach Johannes,Inǧīl Yūḥanā,Evangelieto ot Joan